African Countries That Start With C - Statistics

General Stats
  • This quiz has been taken 26 times
  • The average score is 4 of 5
Answer Stats
Country % Correct
Chad
96%
Cameroon
92%
Cape Verde
88%
Comoros
88%
Central African Republic
79%
No matching quizzes found
Score Distribution
Percent of People with Each Score
Percentile by Number Answered
Your Score History
You have not taken this quiz